[Event "GER-chT Lands U21"]
[Site "Xanten"]
[Date "2011.11.02"]
[Round "6.5"]
[White "Kuehnel, Lena"]
[Black "Meyers, Mark"]
[Result "1/2-1/2"]
[WhiteElo "1919"]
[BlackElo "1904"]
[PlyCount "63"]
[EventDate "2011.10.31"]
[EventType "team-swiss"]
[EventRounds "7"]
[EventCountry "GER"]
[SourceTitle "EXT 2022"]
[Source "ChessBase"]
[SourceDate "2021.10.06"]
[SourceVersion "1"]
[SourceVersionDate "2021.10.06"]
[SourceQuality "1"]
[WhiteTeam "Baden U21"]
[BlackTeam "Nordrhein Westfalen U21"]
[WhiteTeamCountry "GER"]
[BlackTeamCountry "GER"]

1. e4 c5 2. Nf3 e6 3. d4 cxd4 4. Nxd4 Nc6 5. Nxc6 bxc6 6. Bd3 Nf6 7. 0-0 Bc5 8. Nc3 d5 9. e5 Nd7 10. Qg4 g6 11. Re1 Qb6 12. Re2 Be7 13. b3 Qb4 14. Qxb4 Bxb4 15. Bd2 a5 16. f4 Ba6 17. Na4 Bxd3 18. cxd3 Nc5 19. Nxc5 Bxc5+ 20. Be3 Be7 21. Rc1 Kd7 22. Bc5 Bxc5+ 23. Rxc5 Rhb8 24. Rec2 Ra6 25. Kf2 a4 26. bxa4 Rb4 27. Kf3 Rbxa4 28. Rb2 Kc7 29. Rbc2 Rxa2 30. Rxc6+ Rxc6 31. Rxa2 Kb6 32. Rb2+ 1/2-1/2

[Event "GER-chT Lands U21"]
[Site "Xanten"]
[Date "2011.11.02"]
[Round "5.5"]
[White "Meyers, Mark"]
[Black "Bauer, Bjoern Benny"]
[Result "1-0"]
[WhiteElo "1904"]
[BlackElo "1989"]
[PlyCount "83"]
[EventDate "2011.10.31"]
[EventType "team-swiss"]
[EventRounds "7"]
[EventCountry "GER"]
[SourceTitle "EXT 2022"]
[Source "ChessBase"]
[SourceDate "2021.10.06"]
[SourceVersion "1"]
[SourceVersionDate "2021.10.06"]
[SourceQuality "1"]
[WhiteTeam "Nordrhein Westfalen U21"]
[BlackTeam "Rheinland Pfalz U21"]
[WhiteTeamCountry "GER"]
[BlackTeamCountry "GER"]

1. Nf3 Nf6 2. g3 c5 3. c4 Nc6 4. Bg2 e5 5. d3 g6 6. Nc3 Bg7 7. Rb1 d6 8. a3 a5 9. Nd2 Be6 10. Nd5 0-0 11. 0-0 Rb8 12. b3 Ne7 13. Nxf6+ Bxf6 14. Ne4 Bg7 15. f4 f5 16. Ng5 Bd7 17. b4 h6 18. Nf3 axb4 19. axb4 cxb4 20. Rxb4 Nc6 21. Rb1 Be6 22. Be3 Kh7 23. Rb5 Qe7 24. fxe5 Nxe5 25. Nxe5 Bxe5 26. Ba7 Rbc8 27. Rxb7 Rc7 28. Rxc7 Qxc7 29. Be3 Bg7 30. Qc2 Rb8 31. Rb1 Rxb1+ 32. Qxb1 Qa5 33. Kf2 f4 34. Bxf4 Bd4+ 35. Be3 Qf5+ 36. Bf3 Bxe3+ 37. Kxe3 Bxc4 38. Qb7+ Bf7 39. Kf2 Kg7 40. Qe7 g5 41. Qxd6 g4 42. Qd4+ 1-0